Historia de Dioses y Héroes

Salvato in:
Dettagli Bibliografici
Autore principale: Bulfinch, Thomas (Autore)
Natura: Libro
Lingua:spagnolo
Pubblicazione: Barcelona Montesinos 2002
Soggetti:
Tags: Aggiungi Tag
Nessun Tag, puoi essere il primo ad aggiungerne!!

MARC

LEADER 00000nam a2200000 a 4500
001 UCH3217
003 CL-VaPUC
008 090715e20020000sp |||||||||||||||||spa|d
020 |a 849577612X 
082 0 4 |a 291  |b BUL  |2 21 
100 0 |a Bulfinch, Thomas  |e author  |9 538481 
245 1 0 |a Historia de Dioses y Héroes 
300 |a 423 p 
942 |c BK 
945 |d 20090715 00:00:00  |a dcastane 
260 |a Barcelona  |b Montesinos  |c 2002 
650 0 |a Mitología   |9 255719 
650 0 |a Mitología clásica  |9 265586 
650 7 |a MITOLOGIA GRIEGA Y ROMANA  |2 CL-VaPUC  |9 538482 
583 |a last modification  |c 20171127 12:02:56  |k Rodrigo Vera 
999 |c 334841  |d 334839 
952 |0 0  |1 0  |4 0  |6 291_000000000000000_BUL_2002  |7 0  |8 A  |9 424078  |a BIBHIS  |b BIBHIS  |d 2019-11-22  |i 4572866  |l 1  |o 291 BUL 2002  |p 4572866  |r 2025-01-20  |s 2024-06-04  |w 2019-11-22  |y BK  |k HIS